Social agenda

Uložené v:
Podrobná bibliografia
Médium: Seriál
Jazyk:English
Vydavateľské údaje: Luxembourg Office of the European Union 2018
Tagy: Pridať tag
Žiadne tagy, Buďte prvý, kto otaguje tento záznam!

MARC

LEADER 00000nas2a2200000 4500
001 0247605
005 20230208101108.3
022 |a 1682-7783 
041 0 |a eng 
044 |a LU 
245 1 0 |a Social agenda 
264 1 |a Luxembourg  |b Office of the European Union  |c 2018 
773 0 |w eu_un_cat*0183952